The Empty Church : (Record no. 605210)

MARC details
000 -LEADER
fixed length control field 00493nam a2200193 a 4500
008 - FIXED-LENGTH DATA ELEMENTS--GENERAL INFORMATION
fixed length control field 251223s1998##################000#0#eng##
020 ## - INTERNATIONAL STANDARD BOOK NUMBER
ISBN 9780684836072
082 04 - DEWEY DECIMAL CLASSIFICATION NUMBER
Classification number 280.4097309
Item number REE
100 1# - MAIN ENTRY--AUTHOR NAME
Personal name Reeves, Thomas,
245 10 - TITLE STATEMENT
Title The Empty Church :
260 ## - PUBLICATION, DISTRIBUTION, ETC. (IMPRINT)
Name of publisher Simon and Schuster,
Year of publication 1998.
300 ## - PHYSICAL DESCRIPTION
Number of Pages 296 pages
650 #0 - SUBJECT ADDED ENTRY--TOPICAL TERM
Topical Term Religion.
942 ## - ADDED ENTRY ELEMENTS (KOHA)
Koha item type English Books
Holdings
Withdrawn status Lost status Damaged status Not for loan Home library Current library Shelving location Date acquired Full call number Accession Number Price effective from Koha item type
        Anna Centenary Library Anna Centenary Library 3RD FLOOR, B WING 26.12.2025 280.4097309 REE 474137 26.12.2025 English Books

Find us on the map